|
|
|
|
| LEADER |
00000nam0a2200000 4500 |
| 001 |
332758 |
| 005 |
20231102004504.0 |
| 035 |
|
|
|a (RuTPU)RU\TPU\book\358730
|
| 035 |
|
|
|a RU\TPU\book\358511
|
| 090 |
|
|
|a 332758
|
| 100 |
|
|
|a 20170530d1971 km y0rusy50 ca
|
| 101 |
0 |
|
|a rus
|
| 102 |
|
|
|a RU
|
| 105 |
|
|
|a a z 001zy
|
| 200 |
1 |
|
|a Аналоговая и аналогово-цифровая вычислительная техника
|e сборник статей
|h Вып. 4
|f под ред. В. Б. Ушакова
|
| 210 |
|
|
|a Москва
|c Советское радио
|d 1971
|
| 215 |
|
|
|a 312 с.
|c ил.
|
| 320 |
|
|
|a Библиография в конце статей
|
| 320 |
|
|
|a Именной указатель: с. 300-301
|
| 606 |
1 |
|
|a Аналоговая вычислительная техника
|2 stltpush
|3 (RuTPU)RU\TPU\subj\29009
|9 52427
|
| 610 |
1 |
|
|a цифровая вычислительная техника
|
| 610 |
1 |
|
|a построение
|
| 610 |
1 |
|
|a применение
|
| 610 |
1 |
|
|a методология
|
| 610 |
1 |
|
|a исследования
|
| 610 |
1 |
|
|a дискретные системы
|
| 610 |
1 |
|
|a динамическое моделирование
|
| 610 |
1 |
|
|a цифровое моделирование
|
| 610 |
1 |
|
|a комбинированные машины
|
| 610 |
1 |
|
|a статьи
|
| 610 |
1 |
|
|a сборники
|
| 675 |
|
|
|a 681.332
|v 4
|
| 702 |
|
1 |
|a Ушаков
|b В. Б.
|4 340
|
| 801 |
|
1 |
|a RU
|b 63413507
|c 20170525
|
| 801 |
|
2 |
|a RU
|b 63413507
|c 20170531
|g RCR
|
| 942 |
|
|
|c BK
|